000 00813na a2200265 4500
001 18746
003 MIRAKIL
005 20181213155251.0
008 161125b tu 000 0
020 _a9786053990178
035 _a18746
040 _aMilas
_btur
_cTR-AnCHP
041 _atur
082 _a352.9561
_bE62 2008
090 _a352.9561 E62 2008
100 _aErder, Sema
245 _aTürkiye'de yerel politikanın yükselişi
_bİstanbul Büyükşehir Belediyesi, 1984-2004
_cSema Erder, Nihal İncioğlu
260 _aİstanbul
_bİstanbul Bilgi Üniversitesi Yayınları
_c191
300 _a179 s.
_c23 sm.
490 _aİstanbul Bilgi Üniversitesi yayınları
_v191
500 _aDizin var.
650 _aYerel yönetimler
_zTürkiye
700 _aİncioğlu, Nihal
942 _2dcc
_cBKS
999 _c9584
_d9584